| 000 | 00760nam a2200277Ia 4500 | ||
|---|---|---|---|
| 008 | 170203s9999 xx 000 0 und d | ||
| 020 | _a9780590440615 | ||
| 050 | _aFic | ||
| 050 | _b.D121w 1991 | ||
| 100 | _aDadey, Debbie | ||
| 245 | _aWerewolves don't go to summer camp / | ||
| 245 | _c by Debbie Dadey and Marcia Thornton Jones ; illustrated by John Steven Gurney. | ||
| 260 | _aNew York : | ||
| 260 | _bScholastic Inc. | ||
| 260 | _c1991 | ||
| 300 | _a92 pages; | ||
| 300 | _billustrations : | ||
| 300 | _c20 cm. | ||
| 440 | _aLittle apple fiction. | ||
| 650 | _aCampers (Persons) -- | ||
| 650 | _aWerewolves -- | ||
| 650 | _aWerewolves -- | ||
| 650 | _xFiction. | ||
| 650 | _xJuvenile fiction. | ||
| 650 | _xJuvenile fiction. | ||
| 999 |
_c306164 _d306164 |
||